000 00796cam a2200193 i 4500
005 20251123120141.0
008 250721s2000 jo gr 000 0 ara d
082 1 4 _a211.3
_bد ا ي
100 1 _aالداية، إبراهيم طه سليم
_eمؤلف.
245 1 0 _aقراءة الإمام الكسائي من روايتي الليث (أبي الحارث) والدوري /
_cتأليف إبراهيم طه سليم الداية.
264 3 1 _aعمان :
_b[غير معرف]،
_c2000.
300 _a144 صفحة.
490 0 _aتقريب القراءات القرآنية ؛
_vرقم 6.
650 1 7 _aالقرآن الكريم.
650 1 7 _aقراءات القرآن السبع.
830 0 _aتقريب القراءات القرآنية.
942 _2ddc
_cBK
999 _c5577
_d5577